000 00383 a2200169 4500
001 11230
020 _a9788532260932
040 _cAnchieta - Aquarius
100 _aOrthof, Sylvia
240 1 0 _aUma velha e três chapéus
_lpor
245 1 0 _aUma velha e três chapéus
300 _a24
362 0 _a2007
440 1 _aFTD
650 4 _aLiteratura infanto-juvenil
942 _cBK
999 _c11230
_d11230